• 首页
  • 本馆介绍
  • 公告通知
  • 最新文献
  • 馆藏检索
  • 电子资源
  • 读者导购
  • 参考咨询
  • 我的图书馆
  • 登录
  • 详细信息显示
  • 放入我的书架
  • 预约/预借图书
  • 作者相关作品
  • 分类相关作品
  • 丛书相关作品
  • 出版社相关作品

书目信息

  • 表格格式
  • 工作单格式
  • 卡片格式
题名:
CMOS集成电路原理及应用
    
 
作者: 铃木八十二 著 ;赵春城 , 赵利统 译
分册:  
出版信息: 北京   电子工业出版社  1985
页数: 169页
开本: 20cm
丛书名:
单 册:
中图分类: TN432.1
科图分类:
主题词: 半导体集成电路,场效应型
电子资源:
ISBN:
000 00809nam0 2200265 45
001 0185020643
005 20041210103455.2
010    @dCNY1.20
091    @a15290.105
100    @a19900921d1985 em y0chiy0121 ea
101 1  @achi@cjpn
102    @aCN@b110000
105    @ay z 000yy
200 10 @aCMOS集成电路原理及应用@ACMOS ji cheng dian lu yuan li ji ying yong@f(日)铃木八十二著@F(Ri)Ling Mu Ba Shi Er Zhu@g赵春城, 赵利统译
210    @a北京@c电子工业出版社@d1985
215    @a169页@d20cm
606 0  @a半导体集成电路,场效应型
610 0  @aCMOS@a集成电路
690    @aTN432.1@v3
701  0 @a铃木八十二@4著
702  0 @a赵春城@Azhao chun cheng@4译
702  0 @a赵利统@Azhao li tong@4译
801  0 @aCN@b深圳图书馆@c20040519
801  2 @aCN@bNLC@c20040519
905    @dTN432.1@e51@f1@b154016
    
    CMOS集成电路原理及应用/(日)铃木八十二著/赵春城, 赵利统译.-北京:电子工业出版社,1985
    169页;20cm
    
    
    ISBN :CNY1.20
    
●
相关链接 在E读中查询图书 在五车中查询图书 在当当中查询图书 在豆瓣中查询图书


正题名:CMOS集成电路原理及应用     索取号:TN432.1/51         预约/预借

序号 登录号 条形码 馆藏地/架位号 状态 备注
1 0154016   001353840   第三借阅区/ [索取号:TN432.1/51] 在馆    
2 0154017   001353760   密集书库/ [索取号:TN432.1/51] 在馆    
3 0154018   001353804   第二样本阅览室/ [索取号:TN432.1/51] 在馆    
唐山师范学院图书馆 欢迎您!
大连网信软件有限公司© 版权所有